Focus on trees /
Guardado en:
| Autor Principal: | |
|---|---|
| Formato: | Libro |
| Publicado: |
Reino Unido :
Shooting Star Press,
1994
|
| Materias: | |
| Etiquetas: |
Agregar Etiqueta
Sin Etiquetas, Sea el primero en etiquetar este registro!
|
| LEADER | 00775nam a22002055a 4500 | ||
|---|---|---|---|
| 001 | CEM.cems016528 | ||
| 005 | 20111004101824.0 | ||
| 008 | 130507s1994##################000#0#####d | ||
| 003 | CEMS | ||
| 020 | |a 1569240353 | ||
| 082 | 0 | 4 | |a 428.64 |
| 100 | 1 | |a Ganeri, Anita | |
| 245 | 1 | 0 | |a Focus on trees / |c Anita Ganeri |
| 260 | |a Reino Unido : |b Shooting Star Press, |c 1994 | ||
| 300 | |a 32 p. | ||
| 505 | 0 | |a What are trees -- Leaves -- Deciduous and avergreen -- Roots -- Flowers -- Fruit and nuts -- Seeds to seedlings -- Buds -- How a tree grows -- The tree trunk -- Where do trees grow -- Tree as habitats -- How we use trees -- Spotter`s guide | |
| 653 | |a Arboles | ||
| 653 | |a Trees | ||
| 653 | |a Inglés-enciclopedia | ||
| 859 | |a CEMS |b BIB. CEMS - Agricultura |h 428.64 |i G154 |p A17839.94 |t Ej.1 | ||
